| 000 | 00622nam a2200229Ia 4500 | ||
|---|---|---|---|
| 005 | 20260429111907.0 | ||
| 008 | 260429s9999||||xx |||||||||||||| ||und|| | ||
| 020 | _a9783031450426 | ||
| 041 | _aEnglish | ||
| 082 |
_a005.74 _bLI |
||
| 100 | _aLi, Yunyao | ||
| 245 | 0 |
_aNatural language interfaces to databases / _cYunyao Li |
|
| 260 |
_aSwitzerland : _bSpringer, _c2024. |
||
| 300 | _axix, 236 p.; hb | ||
| 440 | _aSynthesis lectures on data management | ||
| 650 | _a Data management | ||
| 650 | _a Interfaces | ||
| 650 | _aDatabases | ||
| 700 | _a Radev, Dragomir | ||
| 700 | _a Rafiei, Davood | ||
| 942 | _cTB | ||
| 999 |
_c51307 _d51307 |
||